Não te deixarei morrer, David Crockett (Record no. 1965)

MARC details
000 -Etiqueta do registo
Valores 00669cam a2200241 4500
010 ## - Número ISBN
ISBN 9789896600457
021 ## - Número do Depósito Legal
Código do país Portugal
Número 309409/10
100 ## - Dados gerais de processamento
Dados gerais 20010509d2001 m y0pory5003 ba
101 ## - Língua de publicação
Língua Português
102 ## - País de publicação
País Portugal
200 ## - Titulo e menção de responsabilidade
Título próprio Não te deixarei morrer, David Crockett
Primeira menção de responsabilidade Miguel Sousa Tavares
205 ## - Menção da edição
Edição 2ª edição
210 ## - Publicação
Local de publicação Alfragide
Nome do editor Leya
Data de publicação 2011
215 ## - Descrição física 
Paginação / Volumes 191 p.
Dimensões 19 cm
300 ## - Notas gerais 
Texto da nota BMB-Registado
606 ## - Nome comum usado como assunto
ID Autoridade 776
Palavra de ordem Literatura Portuguesa
606 ## - Nome comum usado como assunto
ID Autoridade 955
Palavra de ordem Literatura periódica
Subdivisão assunto Crónicas de jornais
675 ## - CDU
Notação 821.134.3-92
Edição BMB
Língua por
700 ## - Autor principal (pessoa individual)
Apelido Tavares
Nome Miguel Sousa
Datas 1950
ID Autoridade 883
801 ## - Fonte de origem
País PT
Agência BMB
Regras de catalogação RPC
990 ## - Elementos KOHA
Tipo de documento Livro
Holdings
Situação do levantamento Estado Número Biblioteca de origem Código de barras Cota Permissão de empréstimo Tipo de documento Forma de aquisição
    1 Biblioteca Municipal de Borba 1914 821.134.3-92 TAV / NAO   Livro Oferta
Biblioteca Municipal de Borba

Powered by Koha